[Event "ICS rated blitz match"]
[Site "204.178.125.65"]
[Date "2000.09.17"]
[Round "?"]
[White "Texan"]
[Black "Hossa"]
[Result "0-1"]
[WhiteElo "1971"]
[BlackElo "2546"]
[PlyCount "34"]
[EventDate "2000.??.??"]

1. e4 e5 2. Nc3 Nc6 3. f4 exf4 4. Nf3 g5 5. d4 g4 6. Ne5 Qh4+ 7. Ke2 Nxe5 8.
dxe5 Qg5 9. Nd5 Qxe5 10. Qd3 c6 11. Nxf4 Nf6 12. Be3 Bg7 13. c3 Nxe4 14. Re1
O-O 15. Kd1 d5 16. Bd4 Qxf4 17. Bxg7 Nf2+ {Texan resigns} 0-1

[Event "ICS rated blitz match"]
[Site "204.178.125.65"]
[Date "2000.09.17"]
[Round "?"]
[White "Hossa"]
[Black "Tinker"]
[Result "0-1"]
[WhiteElo "2547"]
[BlackElo "2412"]
[PlyCount "74"]
[EventDate "2000.??.??"]

1. e4 e5 2. Nf3 Nc6 3. Nc3 d6 4. d4 Bg4 5. d5 Nd4 6. Be3 Nxf3+ 7. gxf3 Bd7 8.
f4 Nf6 9. f3 Be7 10. fxe5 dxe5 11. Qd2 O-O 12. O-O-O a6 13. Rg1 Bb4 14. Kb1 Qe7
15. Qg2 Ne8 16. Ne2 Kh8 17. f4 exf4 18. Nxf4 Bd6 19. Nh5 Be5 20. Bf4 f5 21.
Bxe5 Qxe5 22. exf5 Rxf5 23. Ng3 Rf4 24. Bd3 Rb4 25. c4 Nd6 26. a3 Rb3 27. c5
Nb5 28. Rd2 Nxa3+ 29. Ka2 Ba4 30. Re2 Qd4 31. Nf5 Qf6 32. Qh3 h6 33. Rxg7 Nb5
34. Reg2 Qxb2+ 35. Rxb2 Nc3+ 36. Ka1 Ra3+ 37. Ra2 Rxa2# {Hossa checkmated} 0-1

[Event "ICS rated blitz match"]
[Site "204.178.125.65"]
[Date "2000.09.17"]
[Round "?"]
[White "Tinker"]
[Black "Hossa"]
[Result "0-1"]
[WhiteElo "2434"]
[BlackElo "2525"]
[PlyCount "60"]
[EventDate "2000.??.??"]

1. e4 e5 2. Nf3 Nc6 3. d4 exd4 4. Nxd4 Nf6 5. Nxc6 bxc6 6. e5 Qe7 7. Qe2 Nd5 8.
a3 Qe6 9. Nd2 d6 10. Nf3 Bb7 11. Bg5 dxe5 12. c4 Nb6 13. O-O-O Bd6 14. Qc2 c5
15. Nd2 O-O 16. Bd3 f5 17. Rhg1 h6 18. Bh4 e4 19. Be2 g5 20. Bxg5 hxg5 21. g3
g4 22. Kb1 a5 23. Qc3 Be5 24. Qc2 Bd4 25. Rgf1 a4 26. Rc1 Rab8 27. Rce1 Qh6 28.
Bd1 Bc6 29. Kc1 Nd7 30. Re3 Bxb2+ {Tinker resigns} 0-1

[Event "ICS rated blitz match"]
[Site "204.178.125.65"]
[Date "2000.09.17"]
[Round "?"]
[White "muhaha"]
[Black "Hossa"]
[Result "1-0"]
[WhiteElo "2683"]
[BlackElo "2537"]
[PlyCount "129"]
[EventDate "2000.??.??"]

1. d4 Nf6 2. c4 e6 3. Nf3 b6 4. a3 Ba6 5. e3 d5 6. Nbd2 Bd6 7. Be2 O-O 8. O-O
c5 9. dxc5 bxc5 10. b3 Nc6 11. Bb2 Ng4 12. Qc2 Ne7 13. Bd3 f5 14. Qc3 e5 15.
cxd5 Bxd3 16. Qxd3 e4 17. Nxe4 fxe4 18. Qxe4 Qd7 19. h3 Nf6 20. Bxf6 Rxf6 21.
Rfd1 Re8 22. Qc4 Rxf3 23. gxf3 Qxh3 24. Qg4 Bh2+ 25. Kh1 Qh6 26. Qe6+ Qxe6 27.
dxe6 Be5 28. Ra2 Bf6 29. f4 g6 30. Rd7 a5 31. Rc2 Rc8 32. Rb7 h6 33. Rb5 a4 34.
bxa4 Rc6 35. Rbxc5 Rxe6 36. a5 Kf7 37. Kg2 Ba1 38. Kf3 Ra6 39. Rb5 h5 40. Rcc5
Ra7 41. Rb6 Bf6 42. a6 h4 43. Ra5 Bc3 44. Ra4 h3 45. Rb7 Ra8 46. a7 h2 47. Kg2
Be1 48. Rb8 Rxa7 49. Rxa7 Bxf2 50. Rh8 Bxe3 51. Rh7+ Kf6 52. Ra6+ Kf5 53. Rf7+
Kg4 54. Rxe7 Bxf4 55. Rxg6+ Kf5 56. Rb6 Kg5 57. Rg7+ Kh5 58. Rb3 Kh6 59. Rg4
Kh5 60. Rxf4 h1=Q+ 61. Kxh1 Kg5 62. Rf8 Kg4 63. Kh2 Kh5 64. Rg8 Kh6 65. Rh3# {
Hossa checkmated} 1-0

[Event "ICS rated blitz match"]
[Site "204.178.125.65"]
[Date "2000.09.17"]
[Round "?"]
[White "Hossa"]
[Black "muhaha"]
[Result "1-0"]
[WhiteElo "2527"]
[BlackElo "2693"]
[PlyCount "143"]
[EventDate "2000.??.??"]

1. e4 e5 2. Nf3 Nc6 3. Nc3 Nf6 4. Nxe5 Nxe5 5. d4 Ng6 6. e5 Ng8 7. Bc4 d6 8.
Qf3 Qd7 9. O-O dxe5 10. dxe5 c6 11. Re1 Qc7 12. Bg5 Be6 13. Bxe6 fxe6 14. Rad1
Be7 15. Ne4 Nxe5 16. Qg3 Nf6 17. Bf4 Nh5 18. Bxe5 Nxg3 19. Bxc7 Nxe4 20. Rxe4
Kf7 21. Kf1 Rac8 22. Rd7 Ke8 23. Red4 Bf6 24. Rd3 e5 25. Ba5 Rb8 26. f3 Rf8 27.
Bb4 Rf7 28. R7d6 Re7 29. Rd1 Kf7 30. R6d3 Re6 31. Rd7+ Ke8 32. Ke2 e4 33. Bc5
exf3+ 34. Kxf3 b6 35. Be3 Bxb2 36. Rxa7 Rf6+ 37. Kg4 Rg6+ 38. Kh3 Re6 39. Bf4
Rc8 40. Rdd7 h6 41. Bg3 g5 42. Bd6 Bf6 43. c4 h5 44. c5 Re3+ 45. g3 Re2 46. g4
hxg4+ 47. Kxg4 Rxa2 48. cxb6 Rg2+ 49. Kh5 Ra8 50. Rf7 Rxa7 51. bxa7 Ra2 52.
Rf8+ Kd7 53. Rxf6 Rxa7 54. Rf7+ Kxd6 55. Rxa7 c5 56. Kxg5 Kc6 57. Ra3 Kb5 58.
Rc3 Kb4 59. Rxc5 Kxc5 60. h4 Kd6 61. Kf6 Kd5 62. h5 Kd6 63. h6 Kd5 64. h7 Kd6
65. h8=Q Kd5 66. Qh4 Kc6 67. Qb4 Kd5 68. Kf5 Kc6 69. Ke6 Kc7 70. Qb5 Kc8 71.
Kd6 Kd8 72. Qb8# {muhaha checkmated} 1-0

[Event "ICS rated blitz match"]
[Site "204.178.125.65"]
[Date "2000.09.17"]
[Round "?"]
[White "lsokol"]
[Black "Hossa"]
[Result "1/2-1/2"]
[WhiteElo "2366"]
[BlackElo "2550"]
[PlyCount "136"]
[EventDate "2000.??.??"]

1. d4 d5 2. Nf3 Nf6 3. g3 c5 4. Bg2 cxd4 5. Nxd4 e5 6. Nb3 Nc6 7. O-O Bf5 8.
Bg5 h6 9. Bxf6 Qxf6 10. Nc3 d4 11. Nd5 Qd8 12. e4 dxe3 13. Nxe3 Bg6 14. Qe2 Be7
15. Rad1 Qc8 16. Nd5 Bd8 17. Nf4 O-O 18. Nxg6 fxg6 19. c3 Bb6 20. Be4 Ne7 21.
Kg2 a6 22. h4 Ra7 23. Rd2 Qe6 24. Qd1 Bc7 25. Nc5 Qc4 26. Qb3 Qxb3 27. axb3 b6
28. Ne6 Rf6 29. Nxc7 Rxc7 30. Rfd1 Kf7 31. Rd6 Nc8 32. Rd7+ Rxd7 33. Rxd7+ Ne7
34. b4 b5 35. f3 h5 36. Kf2 Rb6 37. Ke3 Ke6 38. Ra7 Rd6 39. Bb7 Nf5+ 40. Ke2
Nxg3+ 41. Kf2 Nf5 42. Rxa6 Rxa6 43. Bxa6 Nd6 44. b3 Kd5 45. Ke3 g5 46. hxg5 h4
47. c4+ bxc4 48. bxc4+ Nxc4+ 49. Kf2 Nd6 50. Be2 Kd4 51. b5 Kc5 52. Kg2 Nf5 53.
Kh3 Nd4 54. Bd1 g6 55. Kxh4 Kxb5 56. Kg4 Kb4 57. Kg3 Kc3 58. Ba4 Kd3 59. Be8
Ne2+ 60. Kg4 Nf4 61. Bxg6+ Nxg6 62. Kf5 Nf4 63. Kxe5 Ke3 64. Kf5 Kxf3 65. g6
Nd5 66. Ke6 Nf4+ 67. Kf7 Nh5 68. g7 Nxg7 {
Game drawn because neither player has mating material} 1/2-1/2

[Event "ICS rated blitz match"]
[Site "204.178.125.65"]
[Date "2000.09.17"]
[Round "?"]
[White "Hossa"]
[Black "Danimir"]
[Result "1-0"]
[WhiteElo "2542"]
[BlackElo "2042"]
[PlyCount "55"]
[EventDate "2000.??.??"]

1. e4 c5 2. Nf3 Nc6 3. d4 cxd4 4. Nxd4 g6 5. Nc3 Bg7 6. Be3 Nf6 7. Bc4 O-O 8.
Bb3 d6 9. f3 Bd7 10. Nxc6 bxc6 11. O-O a5 12. Qd2 Qc7 13. Rf2 Rfb8 14. Bh6 c5
15. Bxg7 Kxg7 16. Nd5 Nxd5 17. Bxd5 Ra7 18. b3 a4 19. Qf4 axb3 20. Qxf7+ Kh8
21. Qxe7 Bc6 22. Qf6+ Qg7 23. Qxg7+ Kxg7 24. Bxb3 Rb4 25. Rd1 c4 26. c3 cxb3
27. cxb4 bxa2 28. Ra1 {Danimir resigns} 1-0

[Event "ICS rated blitz match"]
[Site "204.178.125.65"]
[Date "2000.09.17"]
[Round "?"]
[White "Hossa"]
[Black "brutus"]
[Result "1/2-1/2"]
[WhiteElo "2546"]
[BlackElo "2256"]
[PlyCount "61"]
[EventDate "2000.??.??"]

1. e4 e6 2. d4 d5 3. Nc3 Nf6 4. Bg5 Bb4 5. e5 h6 6. Bd2 Bxc3 7. bxc3 Ne4 8. Nf3
c5 9. Bd3 Nxd2 10. Qxd2 cxd4 11. cxd4 Bd7 12. Rb1 b6 13. O-O Nc6 14. Rfc1 Na5
15. Qb4 Qe7 16. Qxe7+ Kxe7 17. Ba6 Bc8 18. Bd3 Bd7 19. Ba6 Bc8 20. Bd3 Bd7 21.
Ba6 Bc8 22. Bd3 Bd7 23. Kf1 Rhc8 24. h4 Rc7 25. g4 Rac8 26. Ba6 Rb8 27. Kg2 Ba4
28. Bd3 Rbc8 29. Ba6 Rb8 30. Bd3 Rbc8 31. Ba6 {Game drawn by mutual agreement}
1/2-1/2

[Event "ICS rated blitz match"]
[Site "204.178.125.65"]
[Date "2000.09.17"]
[Round "?"]
[White "Hossa"]
[Black "brutus"]
[Result "1-0"]
[WhiteElo "2536"]
[BlackElo "2238"]
[PlyCount "97"]
[EventDate "2000.??.??"]

1. e4 e6 2. d4 d5 3. Nc3 Nf6 4. Bg5 Bb4 5. e5 h6 6. Bd2 Bxc3 7. bxc3 Ne4 8. Nf3
c5 9. Bd3 Nxd2 10. Qxd2 cxd4 11. cxd4 Bd7 12. Rb1 b6 13. O-O Nc6 14. Rfc1 Na5
15. Qb4 Qe7 16. Qxe7+ Kxe7 17. Ba6 Bc8 18. Bd3 Bd7 19. Ba6 Bc8 20. Bd3 Bd7 21.
Ba6 Bc8 22. Bd3 Bd7 23. Kf1 Rhc8 24. h4 Rc3 25. h5 Rac8 26. Ke1 Ba4 27. Kd2
R3c7 28. Rb4 Nc4+ 29. Ke1 b5 30. Bxc4 Rxc4 31. Rxc4 bxc4 32. Kd2 Rb8 33. Kc3
Kd7 34. a3 Kc7 35. Ra1 Rb6 36. Rh1 Kd8 37. Rc1 Be8 38. Nh2 Kc7 39. Ra1 Ba4 40.
Rg1 Kd8 41. Nf3 Ke7 42. g4 g5 43. hxg6 fxg6 44. Rh1 Kf7 45. Rxh6 Kg7 46. Rh1
Rb7 47. Ng5 Bd7 48. Rh7+ Kf8 49. Nxe6+ {brutus resigns} 1-0

[Event "ICS rated blitz match"]
[Site "204.178.125.65"]
[Date "2000.09.17"]
[Round "?"]
[White "brutus"]
[Black "Hossa"]
[Result "0-1"]
[WhiteElo "2233"]
[BlackElo "2541"]
[PlyCount "80"]
[EventDate "2000.??.??"]

1. e4 e5 2. Nf3 Nc6 3. Bb5 a6 4. Ba4 Nf6 5. Qe2 b5 6. Bb3 Bc5 7. c3 d6 8. d3 h6
9. Nbd2 O-O 10. Nf1 a5 11. Ng3 a4 12. Bc2 b4 13. O-O Be6 14. Nh4 b3 15. axb3
axb3 16. Rxa8 Qxa8 17. Bd1 Bg4 18. Qe1 Qa2 19. Bxg4 Nxg4 20. Qe2 Nf6 21. Nhf5
Rd8 22. Kh1 Kh8 23. Qf3 Rf8 24. Nh5 Nxh5 25. Qxh5 Qb1 26. Nxg7 Be3 27. Nf5 Bf4
28. Kg1 Bxc1 29. Nxh6 Kg7 30. Nf5+ Kf6 31. Qh4+ Ke6 32. Ng7+ Kd7 33. Qg4+ Kd8
34. Qd1 Rg8 35. Nf5 Qxb2 36. Qxc1 Qa2 37. Qb1 Kd7 38. Qxa2 bxa2 39. Ra1 Rb8 40.
Ne3 Rb1+ {brutus resigns} 0-1

[Event "ICS rated blitz match"]
[Site "204.178.125.65"]
[Date "2000.09.17"]
[Round "?"]
[White "Hossa"]
[Black "LaMortDHomme"]
[Result "1-0"]
[WhiteElo "2546"]
[BlackElo "2257"]
[PlyCount "113"]
[EventDate "2000.??.??"]

1. e4 e6 2. d4 d5 3. Nc3 Bb4 4. e5 c5 5. a3 Bxc3+ 6. bxc3 Qa5 7. Bd2 Qa4 8. Nf3
c4 9. Be2 Nc6 10. O-O Bd7 11. Qc1 O-O-O 12. Qb2 h6 13. Rab1 b6 14. Be3 g5 15.
Rfe1 Nge7 16. Nd2 Rdg8 17. Bh5 Be8 18. Nf1 Ng6 19. Ng3 Nf4 20. Bf3 h5 21. Bxf4
h4 22. Be3 g4 23. Be2 hxg3 24. fxg3 Ne7 25. Rf1 Nf5 26. Bd2 Rh5 27. Rf2 Rgh8
28. Bxg4 Rxh2 29. Bh3 R2xh3 30. gxh3 Rxh3 31. g4 Nh4 32. Kf1 Rg3 33. g5 Nf3 34.
Bf4 Rg1+ 35. Ke2 Rxb1 36. Qxb1 Nh4 37. Qb2 Qd7 38. Rh2 Ng6 39. Be3 Qe7 40. Qb4
Qd7 41. Ke1 Kb7 42. Rf2 a5 43. Qb2 Qe7 44. Rh2 Qf8 45. Rh1 Qg8 46. Qb1 Ne7 47.
Rh2 Qg6 48. Kd2 Qe4 49. Qh1 Qf5 50. Rf2 Qg6 51. Qh8 Ba4 52. Kc1 Nf5 53. Bf4 Ng7
54. Qf8 Nf5 55. Rh2 Nh4 56. Qh6 Bxc2 57. Rxc2 {LaMortDHomme resigns} 1-0

[Event "ICS rated blitz match"]
[Site "204.178.125.65"]
[Date "2000.09.17"]
[Round "?"]
[White "Hossa"]
[Black "Dorky"]
[Result "0-1"]
[WhiteElo "2551"]
[BlackElo "2422"]
[PlyCount "120"]
[EventDate "2000.??.??"]

1. e4 c6 2. d4 d5 3. Nc3 dxe4 4. Nxe4 Nd7 5. Ng5 Ngf6 6. Bd3 e6 7. N1f3 h6 8.
Nxe6 Qe7 9. O-O fxe6 10. Bg6+ Kd8 11. Bf4 Ng4 12. Qe2 Ndf6 13. h3 Nd5 14. Bg3
Ngf6 15. Ne5 Rg8 16. Nf7+ Kd7 17. c4 Nc7 18. Bd6 Qxd6 19. Nxd6 Bxd6 20. Rfe1
Bb4 21. Rec1 Rf8 22. b3 Bd6 23. Re1 Bb4 24. Red1 Kd8 25. Qe5 Bd7 26. a3 Be7 27.
Rdc1 Nfe8 28. Re1 Kc8 29. b4 Bd6 30. Qe3 Kb8 31. Ra2 Bf4 32. Qd3 Nd6 33. g3 Bg5
34. f4 Be7 35. Rb2 Rf6 36. Bh5 g5 37. Qh7 Nc8 38. fxg5 hxg5 39. Rbe2 a5 40. Qg7
axb4 41. axb4 Ra4 42. Rb1 Ra3 43. Rg2 Ne8 44. Bxe8 Bxe8 45. Re1 Rd3 46. Ra1
Rxd4 47. Rga2 Rd7 48. Ra8+ Kc7 49. Qg8 Rd8 50. Qh7 Rf7 51. Qc2 Bxb4 52. Kh1 Rd2
53. Qe4 Rff2 54. Qh7+ Bd7 55. Qe4 Rh2+ 56. Kg1 Bc5+ 57. Kf1 Rdf2+ 58. Ke1 Bb4+
59. Kd1 Rf1+ 60. Qe1 Rxe1# {Hossa checkmated} 0-1

[Event "ICS rated blitz match"]
[Site "204.178.125.65"]
[Date "2000.09.17"]
[Round "?"]
[White "kyrios"]
[Black "Hossa"]
[Result "0-1"]
[WhiteElo "2027"]
[BlackElo "2529"]
[PlyCount "50"]
[EventDate "2000.??.??"]

1. e4 e5 2. Nf3 Nc6 3. d4 exd4 4. c3 dxc3 5. Bc4 cxb2 6. Bxb2 d6 7. O-O Be6 8.
Bxe6 fxe6 9. Qb3 Qd7 10. Ng5 Nd8 11. f4 Nf6 12. Nc3 c6 13. e5 Ng4 14. h3 Ne3
15. Rf3 Nf5 16. exd6 Nd4 17. Qc4 Nxf3+ 18. Nxf3 Bxd6 19. Rd1 Qe7 20. Ne4 Bxf4
21. Be5 O-O 22. Bxf4 Rxf4 23. Qc2 Nf7 24. Nc5 Rf5 25. Rd7 Qxc5+ {kyrios resigns
} 0-1

[Event "ICS rated blitz match"]
[Site "204.178.125.65"]
[Date "2000.09.17"]
[Round "?"]
[White "Hossa"]
[Black "kyrios"]
[Result "1-0"]
[WhiteElo "2531"]
[BlackElo "2025"]
[PlyCount "43"]
[EventDate "2000.??.??"]

1. e4 c5 2. Nf3 f5 3. exf5 Nf6 4. d4 d5 5. Bb5+ Nc6 6. dxc5 Bxf5 7. Nc3 e6 8.
Nd4 Bxc5 9. Nxc6 bxc6 10. Bxc6+ Kf7 11. Bxa8 Ng4 12. Bxd5 Bxf2+ 13. Kf1 exd5
14. h3 Ne3+ 15. Bxe3 Bxe3 16. Qf3 Qg5 17. g4 d4 18. Ne4 Qf4 19. Qxf4 Bxf4 20.
gxf5 Re8 21. Ke2 Rxe4+ 22. Kf3 {kyrios resigns} 1-0

[Event "ICS rated blitz match"]
[Site "204.178.125.65"]
[Date "2000.09.17"]
[Round "?"]
[White "Dorky"]
[Black "Hossa"]
[Result "0-1"]
[WhiteElo "2445"]
[BlackElo "2533"]
[PlyCount "156"]
[EventDate "2000.??.??"]

1. d4 f5 2. c4 Nf6 3. g3 d6 4. Nf3 e6 5. Bg2 Be7 6. O-O O-O 7. Nc3 Nc6 8. d5
exd5 9. cxd5 Ne5 10. Nd4 Bd7 11. Ne6 Bxe6 12. dxe6 Qc8 13. Qb3 c6 14. Bh3 d5
15. Bxf5 Nfg4 16. Qc2 g6 17. Bxg4 Nxg4 18. Qb3 Qxe6 19. e4 Bc5 20. Bf4 g5 21.
Bxg5 Nxf2 22. exd5 cxd5 23. Qb5 Ne4+ 24. Kg2 a6 25. Qxb7 Rfb8 26. Qxd5 Rxb2+
27. Kh1 Qxd5 28. Nxd5 Nxg5 29. Rab1 Rxa2 30. Rf5 Ne4 31. Rc1 Rf8 32. Rxf8+ Kxf8
33. Nf6 Nxf6 34. Rxc5 Kf7 35. Rc7+ Ke6 36. Kg1 a5 37. Rc6+ Ke5 38. Rc1 Nd5 39.
Re1+ Kd4 40. Rd1+ Ke4 41. Rf1 Ne3 42. Rf4+ Kd3 43. h3 Rg2+ 44. Kh1 Rxg3 45. Rh4
Rg7 46. Rh5 Nc4 47. Rd5+ Kc3 48. Rd1 a4 49. Rc1+ Kb3 50. Re1 a3 51. Rb1+ Nb2
52. Kh2 a2 53. Rf1 Nd3 54. Kh1 Kb2 55. Kh2 Re7 56. Rd1 Nb4 57. Rd2+ Nc2 58. Rd1
Re2+ 59. Kg3 Re3+ 60. Kf4 Rxh3 61. Kg5 Rh2 62. Kg4 Rg2+ 63. Kh4 Rg7 64. Kh5 Rf7
65. Kh6 Rf2 66. Rh1 Nd4 67. Kg7 Ne6+ 68. Kxh7 Rg2 69. Rf1 a1=R 70. Rxa1 Kxa1
71. Kh6 Nf4 72. Kh7 Kb2 73. Kh6 Kc3 74. Kh7 Kd4 75. Kh6 Ke5 76. Kh7 Kf6 77. Kh8
Kf7 78. Kh7 Rh2# {Dorky checkmated} 0-1

[Event "ICS rated standard match"]
[Site "204.178.125.65"]
[Date "2000.09.17"]
[Round "?"]
[White "Dorky"]
[Black "Hossa"]
[Result "1/2-1/2"]
[WhiteElo "2238"]
[BlackElo "2357"]
[PlyCount "166"]
[EventDate "2000.??.??"]

1. d4 d5 2. Nf3 Nf6 3. c4 e6 4. g3 dxc4 5. Bg2 Nc6 6. O-O Be7 7. Qa4 Nd7 8.
Qxc4 Nb6 9. Qd3 O-O 10. e4 f5 11. Nc3 e5 12. Rd1 exd4 13. Nxd4 Nxd4 14. Qxd4
Qxd4 15. Rxd4 Bf6 16. Rd1 c6 17. f4 fxe4 18. Nxe4 Be7 19. Re1 Bg4 20. Nf2 Bc5
21. Be3 Bxe3 22. Rxe3 Bf5 23. Re7 Rf7 24. Rxf7 Kxf7 25. g4 Be6 26. h3 Rf8 27.
Re1 Rd8 28. Ne4 Kg8 29. Nc5 Bc8 30. Kf2 Rd2+ 31. Re2 Rxe2+ 32. Kxe2 g6 33. Kd3
Kh8 34. Bf3 Kg8 35. b4 Kg7 36. a4 Nd5 37. Bxd5 cxd5 38. Kd4 b6 39. Nd3 Bb7 40.
a5 bxa5 41. bxa5 Kf7 42. Ke5 Ba6 43. Nb4 Bf1 44. h4 Be2 45. g5 d4 46. Kxd4 Ke6
47. Nc6 a6 48. Kc5 Bf1 49. Nd4+ Kd7 50. Kb6 Kd6 51. Nb3 Ke6 52. Nc5+ Kf5 53.
Nxa6 Kxf4 54. Nc5 Kg4 55. Ne4 Kxh4 56. Kc5 Ba6 57. Kd5 Be2 58. Ke5 Kg4 59. Kf6
Bb5 60. Nc5 Kh5 61. Ne6 Bf1 62. Nf8 h6 63. gxh6 Kxh6 64. Nxg6 Ba6 65. Nf8 Bc4
66. Ke5 Ba6 67. Ne6 Kg6 68. Nf4+ Kf7 69. Kd4 Bb5 70. Kc5 Bf1 71. Nd5 Ke6 72.
Nb4 Ke7 73. Nc6+ Kd7 74. Kb6 Be2 75. Nd4 Bc4 76. Nb5 Bxb5 77. Kxb5 Kd8 78. Kb6
Kc8 79. Kc6 Kb8 80. Kb6 Kc8 81. Kc6 Kb8 82. Kb6 Kc8 83. Kc6 Kb8 {
Game drawn by repetition} 1/2-1/2

[Event "ICS rated blitz match"]
[Site "204.178.125.65"]
[Date "2000.09.17"]
[Round "?"]
[White "Nothing"]
[Black "Hossa"]
[Result "0-1"]
[WhiteElo "1958"]
[BlackElo "2546"]
[PlyCount "48"]
[EventDate "2000.??.??"]

1. e4 e5 2. d4 exd4 3. c3 dxc3 4. Nxc3 Nc6 5. Nf3 d6 6. Bc4 Nf6 7. Qb3 Qd7 8.
Ng5 Ne5 9. Bb5 c6 10. f4 cxb5 11. fxe5 dxe5 12. Be3 a5 13. a4 bxa4 14. Rxa4 Bb4
15. O-O Bxc3 16. bxc3 b5 17. Raa1 O-O 18. Rfb1 h6 19. Nf3 Nxe4 20. Nxe5 Qc7 21.
Bd4 Nd2 22. Qxb5 Nxb1 23. Qxb1 Re8 24. Qf1 Rxe5 {Nothing resigns} 0-1

[Event "ICS rated blitz match"]
[Site "204.178.125.65"]
[Date "2000.09.17"]
[Round "?"]
[White "Hossa"]
[Black "LoadedGun"]
[Result "1-0"]
[WhiteElo "2547"]
[BlackElo "2419"]
[PlyCount "55"]
[EventDate "2000.??.??"]

1. e4 g6 2. d4 d6 3. Nc3 c6 4. Nf3 Bg7 5. Bd3 Bg4 6. d5 Bxc3+ 7. bxc3 cxd5 8.
Bb5+ Nd7 9. exd5 Qa5 10. a4 Qxc3+ 11. Bd2 Qc7 12. h3 Bxf3 13. Qxf3 Qxc2 14. Rc1
Qb2 15. Qf4 Qb3 16. Bc3 f6 17. Qg4 Rd8 18. Qe6 a6 19. Bxd7+ Rxd7 20. Ba5 b6 21.
Bd2 Qxa4 22. O-O Rd8 23. Rc7 Rb8 24. Re1 Kd8 25. Rxe7 Qc6 26. dxc6 Rb7 27. c7+
Rxc7 28. Re8# {LoadedGun checkmated} 1-0

[Event "ICS Rated blitz match"]
[Site "204.178.125.65"]
[Date "2000.09.17"]
[Round "?"]
[White "Hossa"]
[Black "Valg"]
[Result "1/2-1/2"]
[WhiteElo "2567"]
[BlackElo "2445"]
[PlyCount "192"]
[EventDate "2000.??.??"]

1. e4 e5 2. Nf3 Nc6 3. d4 exd4 4. Nxd4 Nf6 5. Nc3 Bb4 6. Nxc6 bxc6 7. Bd3 d5 8.
exd5 Qe7+ 9. Qe2 Qxe2+ 10. Kxe2 Nxd5 11. Nxd5 cxd5 12. Bf4 c6 13. c3 Be7 14. h3
O-O 15. Rhe1 Bd7 16. Kf1 Rae8 17. Re2 Bf6 18. Be3 a5 19. g4 h5 20. f3 Re7 21.
Rae1 Rfe8 22. Bb6 Rxe2 23. Rxe2 Rxe2 24. Kxe2 a4 25. Bc5 Bc8 26. gxh5 Bg5 27.
Kd1 Bxh3 28. Bc2 Bd7 29. Bxa4 Kh7 30. Bc2+ Kh6 31. a4 Kxh5 32. a5 Bc8 33. Bd3
Bf4 34. a6 Be5 35. Kc2 Kh4 36. a7 Bb7 37. Bf2+ Kg5 38. Kd2 Kf4 39. Ba6 Ba8 40.
Ke2 g6 41. Bc8 f6 42. Be6 Bb7 43. Bh4 d4 44. Bc8 Ba8 45. Be1 dxc3 46. bxc3 c5
47. Kf2 Bc7 48. c4 Bb6 49. Bd2+ Ke5 50. Bc3+ Kd6 51. Bxf6 Bxa7 52. Kg3 Bc6 53.
Kf4 Bb6 54. Ke3 Bc7 55. f4 Bd7 56. Bb7 Be6 57. Ba6 Ba5 58. Bb5 Bb4 59. Kf3 Bf5
60. Be8 Ke6 61. Bg7 Ke7 62. Bc6 Bd3 63. Bd5 Bd2 64. Kg4 Bf5+ 65. Kg5 Be3 66.
Bf6+ Kd6 67. Bf7 Bd3 68. Bd8 Bd4 69. Bd5 Bc2 70. Bf6 Bd3 71. Bg8 Be4 72. Bf7
Bd3 73. Bd5 Bf5 74. Bd8 Kd7 75. Bf6 Be6 76. Be5 Bxd5 77. cxd5 Bxe5 78. fxe5 c4
79. Kxg6 Ke7 80. d6+ Ke6 81. d7 Kxd7 82. Kf7 c3 83. e6+ Kd6 84. e7 c2 85. e8=Q
c1=Q 86. Qf8+ Kd5 87. Qg8 Qb1 88. Qh8 Qc1 89. Qh7 Qd1 90. Qh6 Qa1 91. Qh5+ Kc4
92. Qh4+ Kb3 93. Qh3+ Ka2 94. Qh2+ Kb1 95. Qh1+ Ka2 96. Qxa1+ Kxa1 {
Game drawn because neither player has mating material} 1/2-1/2

[Event "ICS rated blitz match"]
[Site "204.178.125.65"]
[Date "2000.09.17"]
[Round "?"]
[White "LoadedGun"]
[Black "Hossa"]
[Result "0-1"]
[WhiteElo "2400"]
[BlackElo "2562"]
[Annotator "Fritz 6 (22s)"]
[PlyCount "112"]
[EventDate "2000.??.??"]

1. c4 {A34: Englische Eroeffnung (Symmetrische Variante)} 1... Nf6 2. Nc3 c5 3.
e4 Nc6 4. f4 d6 5. d3 g6 6. Be2 Nd4 7. Be3 Bg7 8. Nf3 Ng4 9. Bxd4 cxd4 10. Nd5
Ne3 11. Nxe3 dxe3 12. Qa4+ Bd7 13. Qb4 a5 14. Qb3 a4 15. Qxb7 Rb8 16. Qa7 Bxb2
17. Rd1 Bc3+ 18. Kf1 Rb6 19. d4 Rb2 20. d5 {Raumvorteil} 20... Rb6 21. Rd3 Rb1+
22. Rd1 Qb6 23. Qa8+ Qb8 24. Qxb8+ Rxb8 25. Rd3 Rb1+ 26. Bd1 Bb4 27. h3 {
Deckt g4} 27... Bc5 28. Nd4 Rb2 29. Nc2 {Weiss gibt Gas} 29... Rxa2 30. Nxe3 a3
31. Nc2 Ba4 32. Ne3 $4 {der letzte Fehler} (32. Rd2 Bb3 33. Ke2 Bxc4+ 34. Kf3
$19) 32... Bxd1 33. Nxd1 Rc2 34. Rc3 a2 35. Rxc2 a1=Q 36. Ke1 Qd4 37. Nf2 Qe3+
38. Kd1 Qg3 39. Rf1 Qxg2 40. Ke2 Qg3 41. Rb2 (41. Nd1 {aendert nichts mehr}
41... Qxh3 42. e5 dxe5 $19) 41... Qe3+ 42. Kd1 Qf3+ 43. Re2 (43. Kc2 {
waere gleichermassen fruchtlos} 43... O-O $19) 43... Qg2 44. Rc2 (44. Rfe1 {
waere noch eine kleine Chance} 44... Bxf2 45. Ra2 Qf3+ 46. Ree2 $19) 44...
Qxf1+ 45. Kd2 Qxf2+ 46. Kd1 Qf1+ 47. Kd2 Bb4+ 48. Ke3 Qxh3+ 49. Kf2 Qh2+ 50.
Kf3 (50. Ke3 {aendert den Lauf der Dinge nicht} 50... Qxc2 51. Kf3 Be1 52. e5
Qd3+ 53. Kg2 Qg3+ 54. Kh1 Bf2 55. exd6 Qg1#) 50... Qxc2 51. e5 Bc5 52. Kg3 Qf2+
53. Kh3 Qf3+ 54. Kh2 Bf2 55. exd6 Qg3+ 56. Kh1 Qh3# 0-1